Wales - On a Map! - Statistics

General Stats
  • This quiz has been taken 1,258 times
  • The average score is 7 of 11
Answers on the Map
Answers color-coded by a green-red scale on the quiz's map according to % correct below.
 
Answer Stats
Hint Answers % Correct
Capital city - 351 k Cardiff
99%
City - 185 k Swansea
92%
Tallest mountain - elevation: 1,085 m Snowdon
78%
City - 134 k Newport
75%
Largest island Anglesey
68%
City - 61.4 k Wrexham
66%
Mountainous park, including the Black Mountains and Great Forest Brecon Beacons
56%
City - 57.4 k Barry
45%
Coastal park, the only park in the UK designated for its spectacular coastline Pembrokeshire Coast
45%
Largest bay Cardigan Bay
42%
City - 51.0 k Neath
36%
No matching quizzes found
Score Distribution
Percent of People with Each Score
Percentile by Number Answered
Your Score History
You have not taken this quiz